000 00544nam a2200181Ia 4500
008 190422s9999 xx 000 0 und d
100 _aChang, Yu-Ping.
245 _aFactors associated with prescription Opiod misuse in adults aged 50 or older /
245 _cYu-Ping Chang PhD RN FGSA .--
260 _bElsevier
260 _c2018
300 _apages 112-120, March/April 2018
440 _aNursing Outlook
_v66(2)
650 _aChronic Pain
650 _aNursing
650 _aOlder Adults
650 _aPrescription Opiod Misuse
999 _c361421
_d361421